000
00240nam a2200097Ia 4500
001
680010
005
20250826161333.0
008
250824s9999 xx 000 0 und d
245
0
_a
CEYLANLI BAHÇE
_c
KEMALETTİN TUĞCU
260
_b
ERDEM ÇOCUK
999
_c
680010
_d
680010